| 000 | 01080nam a2200241Ia 4500 | ||
|---|---|---|---|
| 003 | OSt | ||
| 005 | 20200827100045.0 | ||
| 008 | 191128s1937 ck fr 000 0 spa d | ||
| 040 |
_bCO-JMCR _dCO-JMCR |
||
| 041 | 0 | _aspa | |
| 082 | 0 | 4 |
_a350.722 / _bC789p _223 |
| 100 | 1 |
_aCruz Santos, Abel, _eautor _99330 |
|
| 245 | 1 | 3 |
_aEl presupuesto colombiano : _bsu formación y ejecución / _cpor Abel Cruz Santos ; prólogo del doctor Esteban Jaramillo |
| 260 |
_aBogotá : _bEditorial Minerva, _c1937 |
||
| 300 |
_a288 páginas ; _c18 cm. |
||
| 505 | 0 | _aNociones generales -- La administración pública -- Legislación fiscal -- Preparación del presupuesto -- Discusión del presupuesto -- La liquidación del presupuesto -- Organización y recaudo de las rentas -- Bienes nacionales -- Servicios nacionales | |
| 650 | 1 | 4 |
_aPresupuesto nacional _zColombia _99331 |
| 650 | 1 | 4 |
_aPresupuesto _zColombia _99328 |
| 650 | 1 | 4 |
_aAdministración pública _zColombia _99177 |
| 650 | 1 | 4 |
_aHacienda pública _zColombia _96814 |
| 700 | 1 |
_aJaramillo, Esteban, _eprologuista _99332 |
|
| 942 |
_2ddc _cBK |
||
| 999 |
_c4478 _d4478 |
||